| 000 | 01302aab a2200217 4500 | ||
|---|---|---|---|
| 001 | 768714001 | ||
| 003 | CO-MdFUSB | ||
| 005 | 20240531101118.0 | ||
| 008 | 170509s1993 cr ||||| |||| 00| 0 spa d | ||
| 022 | _a1409-1968 | ||
| 040 |
_aCO-MdFUSB _bspa _cCO-MdFUSB _dCO-MdFUSB |
||
| 041 | _aspa | ||
| 100 | 1 |
_aDeiros, Pablo A. (Alberto) (1945-) _eautor |
|
| 245 | 1 | 3 |
_aLa historia previa y su incidencia de la conquistadores _c/ Pablo A. Deiros |
| 300 |
_aVolumen 10. Número 4 (1993), páginas 28-29 _c: 27 cm. |
||
| 520 | _aAl llegar hasta nosotros la cultura española en el descubrimiento y conquista, lo hizo trayendo consigo la fe cristiana católica, con los matices particulares que le diera la historia inmediatamente anterior en la misma España. Lo que sucedió en en ese país en los años previos al Descubrimiento determinó sensiblemente el cristianismo que trajeron los colonizadores, Más que una continuación al capitulo anterior; esta séptima entrega es simultanea, donde el celo cristiano, en reacción al avance moro, copiara la metodología de su oponente y decidiera lo que se llamaría "la Reconquista" | ||
| 653 | _aColonización | ||
| 773 | 0 |
_tApuntes Pastorales _049442 _960148 _gVolumen 10. Número 4 (1993), páginas 28-29 _qPágina 28 |
|
| 942 | _cANA | ||
| 945 | _aJTF-925 | ||
| 999 |
_c49769 _d49769 |
||